What Movie? Back to the Camera XXII Quiz Stats

 Plays Quiz Updated Aug 5, 2018

Score 0/25 Timer 08:00
3 Plays Today
% Correct
Up
96.2%
Wonder Woman
80.6%
Saw
76%
Monty Python and the Holy Grail
73.3%
50 First Dates
72.8%
Harry Potter and the Sorcerer's Stone
71.8%
Anchorman: The Legend of Ron Burgundy
53.5%
Crouching Tiger, Hidden Dragon
53.1%
The Blair Witch Project
52.2%
Dumb and Dumber
52.2%
Sweeney Todd: The Demon Barber of Fleet Street
48.5%
The Iron Giant
42.7%
Tombstone
42.6%
% Correct
Rogue One: A Star Wars Story
39.4%
The Deer Hunter
39.1%
Donnie Brasco
35.2%
Baby Driver
32.7%
How to Lose a Guy in 10 Days
30.8%
Sister Act
30.3%
Clash of the Titans
30.2%
The Life Aquatic with Steve Zissou
24.8%
Ghost in the Shell
23.9%
Flight
23.5%
Lord of War
21.9%
The Place Beyond the Pines
16.6%

You're not logged in!

Compare scores with friends on all Sporcle quizzes.
Join for Free
OR
Log In

You Might Also Like...

Show Comments

Extras

Top Quizzes Today


Score Distribution

Your Account Isn't Verified!

In order to create a playlist on Sporcle, you need to verify the email address you used during registration. Go to your Sporcle Settings to finish the process.

Report this User

Report this user for behavior that violates our Community Guidelines.

Details: